000 00700cab a2200229 4500
001 WB3010-90
008 090401t1994 xxu||||| |||| 00| 0 eng d
035 _a(Sirsi) u84513
041 _aeng
245 _aFibre-optic grid
260 _c1994
350 _a0
490 _aFinancial Times
_v9 March 1994, 8(1)
520 _aA telecommunications company, Fibreway, has been launched which plans to use Britain`s canal tow-paths to build a fibre-optic network.
650 _aCABLING
650 _aCANALS
650 _aFIBRE-OPTIC NETWORKS
690 _aMANAGEMENT-BUSINESS MANAGEMENT-INFORMATION MANAGEMENT
690 _aTRANSPORT AND COMMUNICATIONS
942 _n0
948 _c04/03/1997
999 _c53108
_d53108